Zmluvné vzťahy a zárobková činnosť podľa zákona o športe od 1.1.2016

Základná terminológia, povinnosti a práva právnických a fyzických osôb podľa zákona o športe. Odmena za športovú reprezentáciu. Zmluvné vzťahy medzi športovcom a športovou organizáciou. Zmluva o profesionálnom vykonávaní športu. Zárobková činnosť profesionálneho športovca. Spoločné ustanovenia pri z...

Descripción completa

Guardado en:
Detalles Bibliográficos
Autor principal: Strýčková, Jolana
Formato: Capítulo de libro
Lenguaje:eslovaco
Materias:
Etiquetas: Agregar Etiqueta
Sin Etiquetas, Sea el primero en etiquetar este registro!

MARC

LEADER 00000naa a2200000 4500
001 0213962
005 20231109105602.6
041 0 |a slo 
044 |a SK 
245 1 0 |a Zmluvné vzťahy a zárobková činnosť podľa zákona o športe od 1.1.2016  |c Jolana Strýčková 
520 |a Základná terminológia, povinnosti a práva právnických a fyzických osôb podľa zákona o športe. Odmena za športovú reprezentáciu. Zmluvné vzťahy medzi športovcom a športovou organizáciou. Zmluva o profesionálnom vykonávaní športu. Zárobková činnosť profesionálneho športovca. Spoločné ustanovenia pri zmluvnom vzťahu založenom zmluvou o profesionálnom vykonávaní športu. Daňové a odvodové povinnosti pri výkone zárobkovej činnosti v športe v postavení SZČO. 
610 2 0 |a šport 
610 2 0 |a legislatíva 
610 2 0 |a vzťahy pracovnoprávne 
610 2 0 |a osoby samostatne zárobkovo činné 
610 2 0 |a povolanie 
610 2 0 |a organizácie 
610 2 0 |a odvody 
610 2 0 |a dane 
610 2 0 |a mzdy 
610 2 0 |a zárobky 
100 1 |a Strýčková, Jolana